书目信息 |
| 题名: |
扬州八怪
|
|
| 作者: | ;文物出版社资料室 编 | |
| 分册: | ||
| 出版信息: | 北京 文物出版社 1981 |
|
| 页数: | 172页 | |
| 开本: | 21cm | |
| 丛书名: | ||
| 单 册: | ||
| 中图分类: | J209.249 , J05 | |
| 科图分类: | ||
| 主题词: | 扬州八怪--研究 , 扬州八怪 , 扬州八怪--美术批评 , 美术批评 , 艺术评论 , 艺术--鉴赏 | |
| 电子资源: | ||
| ISBN: | ||
| 000 | 00743nam0 2200289 450 | |
| 001 | 1551816267 | |
| 005 | 20150131142407.23 | |
| 010 | @dCNY1.80 | |
| 091 | @a8068.881 | |
| 100 | @a19950621d1981 em y0chiy0110 ea | |
| 101 | 0 | @achi |
| 102 | @aCN@b110000 | |
| 105 | @ay z 000yy | |
| 200 | 1 | @a扬州八怪@9yang zhou ba guai@f文物出版社资料室编 |
| 210 | @a北京@c文物出版社@d1981 | |
| 215 | @a172页@d21cm | |
| 606 | 0 | @a扬州八怪@x研究 |
| 606 | 0 | @a扬州八怪 |
| 606 | 0 | @a扬州八怪@x美术批评 |
| 606 | 0 | @a美术批评 |
| 606 | 0 | @a艺术评论 |
| 606 | 0 | @a艺术@x鉴赏 |
| 690 | @aJ209.249@v5 | |
| 690 | @aJ05@v4 | |
| 711 | 02 | @a文物出版社资料室@9wen wu chu ban she zi liao shi@4编 |
| 801 | 0 | @aCN@bTSSF@c20150131 |
| 905 | @aZUCC@dJ05@eJY7 | |
| 扬州八怪/文物出版社资料室编.-北京:文物出版社,1981 |
| 172页;21cm |
| ISBN :CNY1.80 |
| ● |
| 相关链接 |
|
|
|
|
正题名:扬州八怪
索取号:J05/JY7
 
预约/预借
| 序号 | 登录号 | 条形码 | 馆藏地/架位号 | 状态 | 备注 |
| 1 | 7862031 | 278620315 | 学院路分馆/ [索取号:J05/JY7] | 在馆 |